Лечебные ванны и чистка капилляров по А. Залманову (Запись № 990023)

Подробности
000 -МАРКЕР
контрольное поле 02137nam0a2200421 4500
001 - ИДЕНТИФИКАТОР ЗАПИСИ
контрольное поле RU\NLR\bibl\1370353
005 - ИДЕНТИФИКАТОР ВЕРСИИ
контрольное поле 20260406055615.0
010 ## - МЕЖДУНАРОДНЫЙ СТАНДАРТНЫЙ НОМЕР КНИГИ (ISBN)
Номер (ISBN) 978-5-17-055667-0
Уточнения АСТ
010 ## - МЕЖДУНАРОДНЫЙ СТАНДАРТНЫЙ НОМЕР КНИГИ (ISBN)
Номер (ISBN) 978-5-17-055667-0
Тираж 7000
Уточнения НКП
021 ## - НОМЕР ГОСУДАРСТВЕННОЙ РЕГИСТРАЦИИ
Код страны российская федерация
Номер 2009-22584
Номер Листа государственной регистраци 1336
035 ## - ДРУГИЕ СИСТЕМНЫЕ НОМЕРА
Идентификатор записи (nilc)IZD\AST\2007\866206
035 ## - ДРУГИЕ СИСТЕМНЫЕ НОМЕРА
Идентификатор записи (NLR Aleph) 001362485
100 ## - ДАННЫЕ ОБЩЕЙ ОБРАБОТКИ
Данные общей обработки 20081106d2008 |||y0rusy50 ca
101 0# - ЯЗЫК РЕСУРСА
Язык текста, звукозаписи и т.д. русский
102 ## - СТРАНА ПУБЛИКАЦИИ ИЛИ ПРОИЗВОДСТВА
Страна публикации российская федерация
-- украина
105 ## - ПОЛЕ КОДИРОВАННЫХ ДАННЫХ: ТЕКСТОВЫЕ МАТЕРИАЛЫ, МОНОГРАФИЧЕСКИЕ
Кодированные данные о монографическом текстовом документе y |||||||||
200 1# - ЗАГЛАВИЕ И СВЕДЕНИЯ ОБ ОТВЕТСТВЕННОСТИ
Основное заглавие Лечебные ванны и чистка капилляров по А. Залманову
Сведения, относящиеся к заглавию [капиляротерапия. Водолечение. Скипидарные ванны. Ошибки при водолечении; Препараты для ванн
Первые сведения об ответственности авт.-сост. Бах Борис]
210 ## - ПУБЛИКАЦИЯ, РАСПРОСТРАНЕНИЕ И ДР.
Место издания, распространения и т.д. Москва
Имя издателя, распространителя и т. д. АСТ
Место издания, распространения и т.д. Киев
Имя издателя, распространителя и т. д. НКП
Дата издания, распространения и т.д. 2008
215 ## - ФИЗИЧЕСКАЯ ХАРАКТЕРИСТИКА
Специфическое обозначение материала и объем 62, [1] с.
Размеры 21
225 1# - СЕРИЯ
Основное заглавие серии 100 знаменитых систем оздоровления
320 ## - ПРИМЕЧАНИЯ О НАЛИЧИИ В ДОКУМЕНТЕ БИБЛИОГРАФИИ / УКАЗАТЕЛЯ
Текст примечания Библиогр.: с. 62-63
330 ## - РЕЗЮМЕ ИЛИ РЕФЕРАТ
Текст примечания О простом и доступном методе исцеления ваннами по А.С.Залманову. Приведены также другие доступные методы улучшения работы капилляров - основного фактора, обеспечивающего здоровье и долголетие. Для широкого круга читателей.
606 1# - НАИМЕНОВАНИЕ ТЕМЫ КАК ПРЕДМЕТ
Наименование темы Скипидарные ванны
Формальный подзаголовок Популярные издания
Системный номер авторитетной/нормативной записи 1059054
Идентификатор авторитетной/нормативной записи RU\NLR\auth\66410638
686 ## - ИНДЕКСЫ ДРУГИХ КЛАССИФИКАЦИЙ
Индекс 53.54
Издание LBC/PL
Код системы
686 ## - ИНДЕКСЫ ДРУГИХ КЛАССИФИКАЦИЙ
Индекс 53.59
Издание LBC/PL
Код системы
686 ## - ИНДЕКСЫ ДРУГИХ КЛАССИФИКАЦИЙ
Индекс Р354.417я9
686 ## - ИНДЕКСЫ ДРУГИХ КЛАССИФИКАЦИЙ
Индекс Р281.764-6я9
702 #1 - ИМЯ ЛИЦА - ВТОРИЧНАЯ ОТВЕТСТВЕННОСТЬ
Код отношения Прочие
Материалы, к которым относится поле rus
Графика поля Кириллица
Начальный элемент ввода Залманов
Часть имени, кроме начального элемента ввода А. С.
Даты 1875-1965
Расширение инициалов личного имени Абрам Соломонович
Идентификатор авторитетной/нормативной записи RU\NLR\auth\779965
Системный номер авторитетной/нормативной записи 119753
702 #1 - ИМЯ ЛИЦА - ВТОРИЧНАЯ ОТВЕТСТВЕННОСТЬ
Начальный элемент ввода Бах
Часть имени, кроме начального элемента ввода Б.
Расширение инициалов личного имени Борис
801 #0 - ИСТОЧНИК ЗАПИСИ
Страна российская федерация
Организация ЛИБНЕТ
Дата составления 20081106
Правила каталогизации RCR
801 #1 - ИСТОЧНИК ЗАПИСИ
Страна российская федерация
Организация ЛИБНЕТ
Дата составления 20081106
801 #2 - ИСТОЧНИК ЗАПИСИ
Страна российская федерация
Организация ЦУНБ Москва
Дата составления 20081124
Источник данных rusmarc
801 #2 - ИСТОЧНИК ЗАПИСИ
Страна российская федерация
Организация NLR
Дата составления 20090519
Правила каталогизации rcr
830 ## - ОБЩЕЕ ПРИМЕЧАНИЕ, СОСТАВЛЕННОЕ КАТАЛОГИЗАТОРОМ
Текст примечания CODE_OF_LIBNET\000016372
942 ## - ДОПОЛНИТЕЛЬНЫЕ ЭЛЕМЕНТЫ ЗАПИСИ (АБИС)
Тип экземпляра АБИС Книга
980 ## - КОЛЛЕКЦИЯ
Название коллекции Национальная библиография
Экземпляры
Тип экземпляра Дата поступления Источник поступления Библиотека постоянного хранения Библиотека текущего хранения Место хранения Шифр хранения Штрих-код Статус не для выдачи
Книга 19.05.2009 Обязательный экземпляр РНБ (Московский) РНБ (Московский) Русский книжный фонд: издания с 1957 года, 9этаж 2009-4/7582 2922759  
Книга 19.05.2009 Обязательный экземпляр РНБ (Московский) РНБ (Московский) Русский книжный фонд: издания с 1957 года, 9этаж 2009-4/7582 1-1659243